Dhammapada: la enseñanza de Buda

保存先:
書誌詳細
フォーマット: 図書
言語:スペイン語
出版事項: Barcelona RBA 2002
シリーズ:Biblioteca de la Sabiduría Oriental
主題:
タグ: タグ追加
タグなし, このレコードへの初めてのタグを付けませんか!

MARC

LEADER 00000nam a2200000 a 4500
001 UCK4331
003 CL-VaPUC
008 050603e20020000SP |||||||||||||||||spa|d
020 |a 8447323382 
082 0 4 |a 294.3  |b DHA  |2 21 
245 1 0 |a Dhammapada: la enseñanza de Buda 
300 |a 251 p 
942 |c BK 
945 |d 20050603 00:00:00  |a cmena 
260 |a Barcelona  |b RBA  |c 2002 
600 0 7 |a BUDA  |2 CL-VaPUC  |9 393688 
650 0 |a Filosofía oriental  |9 319113 
650 7 |a BUDISMO  |2 CL-VaPUC  |9 492787 
650 7 |a MEDITACION  |2 CL-VaPUC  |9 313094 
583 |a last modification  |c 20050603 00:00:00  |k Rodrigo Vera 
490 0 |a Biblioteca de la Sabiduría Oriental 
999 |c 313216  |d 313214 
952 |0 0  |1 0  |4 0  |6 294_300000000000000_DHA_2002  |7 0  |8 A  |9 384360  |a BIBING  |b BIBING  |d 2019-11-22  |i 4130979  |o 294.3 DHA 2002  |p 4130979  |r 2023-03-02  |w 2019-11-22  |y BK  |k ING